00846nab a2200253 uc450000100070000000500170000700800410002403500110006503500210007604000130009704100080011010000320011824500510015065000260020165000260022765000290025365000280028265000330031065000320034365000190037565000570039470000270045177301140047885539120240816091622.0031121e20030905 spa  a855391 a(OCoLC)820085523 ccomduadb aspa10aAguirre, Fernando4auteaut10aEn primera persona : emprender contracorriente aLideres empresariales aLiderazgo empresarial aVisión de las empresas 7aTrabajo en equipo2lemb aTelecomunicaciones - Mercado 7aTelefonía móvil2armarc aValor agregado aUMTS (Sistema universal de comunicaciones móviles)10aRuffo, Maite4auteaut0 tHarvard Deusto Business Review (Barcelona)gNúmero 116, Septiembre 2003, p. 62-66w373791z0210900X0112195